Statistiken für Partnerstädte und -gemeinden im Werra-Meißner-Kreis

Klicken Sie hier um das Quiz zu spielen!

Allgemein

  • Dieses Quiz wurde 3 mal gespielt
  • Das Durchschnittsergebnis liegt bei 5 aus 31

Antwortstatistiken

KommuneLandPartner% Korrekt
Eschwege🇩🇪Mühlhausen
100%
Waldkappel🇫🇷Carhaix
50%
Wehretal🇭🇺Gánt
50%
Wanfried🇫🇷Plouescat
50%
Eschwege🇩🇪Regen
50%
Eschwege🇫🇷Saint-Mandé
50%
Sontra🇩🇪Tambach-Dietharz
50%
Sontra🇫🇷Vimoutiers
50%
Meinhard🇦🇷Aldea Valle María
0%
Bad Sooden-Allendorf🇩🇪Bad Frankenhausen
0%
Wehretal🇫🇷Bellou-en-Houlme
0%
Herleshausen🇫🇷Cléder
0%
Meinhard🇫🇷Courçon
0%
Hessisch Lichtenau🇧🇪Dessel
0%
Witzenhausen🇬🇧Filton
0%
Witzenhausen🇺🇬Kayunga
0%
Bad Sooden-Allendorf🇵🇱Krynica-Zdrój
0%
Sontra🇵🇱Łącko
0%
Wehretal🇫🇷La Coulonche
0%
Wehretal🇫🇷La Ferrière-aux-Étangs
0%
Bad Sooden-Allendorf🇫🇷Landivisiau
0%
Herleshausen🇩🇪Lauchröden
0%
Weißenborn🇩🇪Oberzent
0%
Waldkappel🇳🇱Rijnwoude
0%
Großalmerode🇬🇧Royston
0%
Witzenhausen🇫🇷Saint-Vallier
0%
Wehretal🇫🇷Saires-la-Verrerie
0%
Hessisch Lichtenau🇦🇹Schlierbach
0%
Wanfried🇦🇹Schörfling
0%
Witzenhausen🇮🇹Vignola
0%
Wanfried🇫🇷Villeneuve-les-Sablons
0%

Verteilung der Resultate

Perzentil nach korrekt beantworteten Fragen

Anzahl Personen mit jedem Resultat

Ihre Resultats-Entwicklung

Sie haben dieses Quiz noch nicht gespielt